008900000a22002050004500020001800000041000800018082001600026100003700042245014800079260003700227300001500264505017100279001000600450942000700456952011600463999001700579336002700596337003300623338002800656 a958-655-777-40 aSPA04aG 378 G152c1 aGaleano Londoño, José Ramiro10aCómo gestionar la calidad en la educación : Un texto para la creación y la sostenibilidad de la calidad / José Ramiro Galeano Londoño aMedellín : Univ. de Antioquia a295 Pág.00a- Acreditación previa, estándares de calidad y registro calificado - La reforma del pensamiento en la gestión educativa - Gestión de la docencia investigativa13769 cBK 001040708GENaFUSBCbFUSBCd2006-05-22l0oG 378 G152c p16023r2019-12-12 00:00:00t1w2016-01-26yBKB0C3 c42713d42713 atextobtxt2rdacontent 2rdamediaasin mediaciónbn 2rdacarrieravolumenbnc